000
00301nam a2200121Ia 4500
008
191201s2010 xx 000 0 und d
100
_a
SHARMA, Lalit kumar
245
0
_a
Research Methodology MBA 2.33 DE SEM-3
260
_a
N. Delhi
_b
Vikas Pub
_c
2010
300
_a
306
650
_a
MBA
942
_2
ddc
_c
BK
999
_c
249
_d
249